000 00920nam a22002297a 4500
005 20111007100630.0
010 _aG-001673
020 _c450.00
_a9788120745933
035 1 d _aG-001673
037 _bGift
082 _a658.40954
100 _aSindhwani, Saumya
_935266
245 E _aNurturing business leaders:
_cby Saumya Sindhwani, Theresa Loo [and] Guillermo Alejandri Rodriguez
_bzero-based proactive learning paradigm /
260 _aNew Delhi
_bSterling Publishers
_c2009
270 _aA-59, Okhla Industrial Area, Phase-II,
_bNew Delhi
_e110020
300 _a191p.
_c22cm(Hb)
700 _a Loo, Theresa
_935267
700 _a Rodriguez, Guillermo Alejandri
_935268
942 _2ddc
_cEN
_h658.40954
_mSIN
999 _c57336
_d57336